Statistics for KPOP: Guess the group by photo

Click here to take the quiz!

General Stats

  • This quiz has been taken 644 times
  • The average score is 20 of 57

Answer Stats

Answer% Correct
BTS
91%
NCT
90%
Black Pink
79%
KARD
78%
Stray Kids
75%
Twice
75%
Red Velvet
71%
2NE1
67%
Seventeen
62%
EXO
61%
(G)-I-dle
61%
GOT7
55%
MonstaX
54%
F(x)
53%
Big Bang
51%
SHINee
49%
Astro
48%
TXT
48%
Akdong Musician
47%
IKon
46%
Girls' Generation
44%
Loona
44%
IZ*One
43%
GFriend
42%
Sistar
39%
I.O.I
36%
CLC
34%
Winner
33%
Super Junior
32%
BtoB
31%
Momoland
30%
AOA
29%
DAY6
29%
EXID
24%
Apink
22%
Wanna One
22%
The Boyz
20%
The Rose
20%
Infinite
18%
Pentagon
17%
Fromis 9
16%
VIXX
16%
Cosmic Girls
14%
Pristin
14%
T-ara
14%
NU'EST
13%
A.C.E.
12%
Hightlight
12%
B.A.P
11%
Shinhwa
10%
Block B
9%
Turbo
9%
ZE:A
7%
Sechs Kies
5%
UNB
5%
Hotshot
4%
Berry Good
2%

Score Distribution

Percentile by Number Answered

Percent of People with Each Score

Your Score History

You have not taken this quiz